000 00692nam a22001935i 4500
001 162026
003 ES-MaACL
005 20230906212416.0
008 990222s1855 fr |||| | fre d
040 _aCAM
_bspa
_cCAM
100 1 _aPhillips, Georges.
_9131114
245 1 0 _aDu droit ecclésiastique dans ses principes généraux /
_cpar Georges Phillips; traduit par J.-P. Crouzet.
250 _a2e éd.
260 _aParis :
_bJacques Lecoffre et c\pie\s,
_c1855 (
_fImp. Simon Raçon et comp.)
300 _a3 v. ;
_c18 cm.
597 1 _aT.I (507 p.) - T.II (539 p.) - T.III (524 p.)
700 1 1 _aCrouzet, J.-P.,
_etrad.
_9126646
852 _aES-MaACL
_jF-12790-12792
_z-- Enc. hol.
999 _c162026
_d162026